Ensayo de zoología agrícola y forestal, o sea, Tratado de los animales útiles y perjudiciales a la agricultura, a los montes y al arbolado / (Record no. 152203)

MARC details
000 -LEADER
campo de control de longitud fija 01128nam a2200229 i 4500
001 - NÚMERO DE CONTROL
campo de control 152203
003 - IDENTIFICADOR DE NÚMERO DE CONTROL
campo de control ES-MaACL
005 - FECHA Y HORA DE LA ÚLTIMA TRANSACCIÓN
campo de control 20251011063141.0
008 - DATOS DE LONGITUD FIJA--INFORMACIÓN GENERAL
campo de control de longitud fija 931025s1859 sp a |||| | spa d
040 ## - FUENTE DE CATALOGACIÓN
Centro catalogador/agencia de origen PAB
Lengua de catalogación spa
Centro/agencia transcriptor CCPB
100 1# - ENTRADA PRINCIPAL--NOMBRE DE PERSONA
Nombre de persona Blanco Fernández, Antonio,
Fechas asociadas al nombre m. 1873
9 (RLIN) 29247
245 10 - MENCIÓN DEL TÍTULO
Título Ensayo de zoología agrícola y forestal, o sea, Tratado de los animales útiles y perjudiciales a la agricultura, a los montes y al arbolado /
Mención de responsabilidad, etc. por Antonio Blanco Fernández ; obra publicada bajo la protección del Gobierno de S.M., a propuesta del Real Consejo de Agricultura, Industria y Comercio.
246 33 - FORMA VARIANTE DEL TITULO
Título propio/Titulo breve Tratado de los animales útiles y perjudiciales a la agricultura, a los montes y al arbolado
260 ## - PUBLICACIÓN, DISTRIBUCIÓN, ETC.
Lugar de publicación, distribución, etc. Madrid :
Nombre del editor, distribuidor, etc. [s.n.],
Fecha de publicación, distribución, etc. 1859 (
Fabricante Imp. Nacional)
300 ## - DESCRIPCIÓN FÍSICA
Extensión VIII, 572 p. :
Otras características físicas il. ;
Dimensiones 24 cm.
530 ## - NOTA DISPONIBLE DE FORMULARIO FÍSICO ADICIONAL
Nota de formato físico adicional disponible Disponible en formato digital.
650 #4 - PUNTO DE ACCESO ADICIONAL DE MATERIA--TÉRMINO DE MATERIA
Término de materia o nombre geográfico como elemento de entrada Plagas del campo.
9 (RLIN) 136703
650 04 - PUNTO DE ACCESO ADICIONAL DE MATERIA--TÉRMINO DE MATERIA
Término de materia o nombre geográfico como elemento de entrada Zoología agrícola.
9 (RLIN) 17871
852 ## - LOCALIZACIÓN
Ubicación ES-MaACL
Número de control de estantería G-9553
Nota libre -- Enc. hol.
856 ## - LOCALIZACIÓN Y ACCESO ELECTRÓNICOS
Identificador Uniforme de Recursos <a href="http://bdh-rd.bne.es/viewer.vm?id=0000125308&page=1 ">http://bdh-rd.bne.es/viewer.vm?id=0000125308&page=1 </a>
Nota pública Biblioteca Digital Hispánica
Holdings
Estatus retirado Estado de pérdida Estado de daño No para préstamo Colección Biblioteca de origen Biblioteca actual Ubicación en estantería Fecha de adquisición Fuente de adquisición Total de préstamos Signatura topográfica completa Código de barras Visto por última vez Precio de reemplazo Tipo de ítem Koha
        Colección digital Biblioteca del Ateneo de Madrid Biblioteca del Ateneo de Madrid Sala Pecera Planta 3 17/01/2008     G-9553 1158899 23/02/2023 23/02/2023 Libro impreso antiguo